| 000 | 01767nam a2200301 a 4500 | ||
|---|---|---|---|
| 001 | 000057506 | ||
| 003 | AM-YEHGA | ||
| 005 | 20250617121452.0 | ||
| 008 | 980930s1988 ru ||||| |||| 00| 0 rus d | ||
| 040 | _aAM-YeHGA | ||
| 041 | 0 | _arus | |
| 245 | 0 | 0 |
_aАлтае-Саянский и Забайкало-Верхнеамурский регионы / _cРед. тома П.С. Матросов, Г.Н. Шапошников ; Под общ. ред. Е.А. Козловского. |
| 260 |
_aЛенинград : _bНедра. Ленингр. отд-ние, _c1988. |
||
| 300 |
_aтом ; _c27 см. |
||
| 505 |
_gТ. 7, Кн. 1 (1988, 300 с) _tАлтай, Саяны, Енисейский кряж |
||
| 550 | _aМ-во геологии. АН СССР. Всесоюзный научно-исследовательский геологический ин-т им. А.П. Карпинского | ||
| 650 | 1 | 4 | _aАлтайский регион |
| 650 | 1 | 4 | _aГеология СССР |
| 650 | 1 | 4 | _aЕнисейский кряж |
| 650 | 1 | 4 | _aСаянский регион |
| 700 | 1 |
_aМатросов, П.С. _eред. _4edt |
|
| 700 | 1 |
_aШапошников, Г.Н. _eред. _4edt |
|
| 700 | 1 |
_aКозловский, Евгений Александрович _eред. _4edt |
|
| 710 | 2 | _aВсесоюзный научно-исследовательский геологический институт им. А.П. Карпинского (ВСЕГЕИ) | |
| 773 | 0 | 8 |
_tГеологическое строение СССР и закономерности размещения полезных ископаемых : В 10-ти т. _dЛенинград : Недра. Ленингр. отд-ние _w(AM, AiYeEPHG)000077501 |
| 942 |
_2udc _cBK |
||
| 090 | _c16621 | ||
| 999 |
_c16495 _d16495 |
||